000 00814cam a22002054a 4500
001 3576041
005 20250605093415.0
008 990329s1999 miu b 100 0 eng
020 _a0802838650 (cloth : alk. paper)
050 0 0 _aBT205
_b.W457 1999
082 0 0 _a232
_221
245 0 0 _aWho do you say that I am? :
_bchristology and the church /
_cedited by Donald Armstrong.
260 _aGrand Rapids, Mich. :
_bW.B. Eerdmans Pub. Co.,
_cc1999.
300 _axvi, 143 p. ;
_c24 cm.
500 _aProceedings of the 6th international conference of the Anglican Institute, held in the fall of 1998 at the American Cathedral of the Holy Trinity, Paris, France.
650 0 _aAnglican Communion
_xDoctrines
_vCongresses.
700 1 _aArmstrong, Donald,
_cIII.
710 2 _aAnglican Institute.
942 _2lcc
_cBK
_n0
999 _c6293
_d6293